| 000 | 00443nam a2200145Ia 4500 | ||
|---|---|---|---|
| 008 | 221007s9999 xx 000 0 und d | ||
| 041 | _aeng | ||
| 082 | _bRAS | ||
| 100 |
_aRasika Pathak - 2k161101; Dr.Kamlakar Munde - Guide & Bharat Forge _9105125 |
||
| 245 | _aProposed Effects On Marketing Elemufacturing Industry Due To Gst | ||
| 260 |
_c2016 _bSavitribai Phule Pune University _aPune |
||
| 300 | _a45p | ||
| 440 | _v1 | ||
| 906 | _bGeneral | ||
| 999 |
_c80025 _d80025 |
||